000 03082cam a22006134i 4500
003 PE-LiUPU
005 20250731172854.0
008 150706s2009 ag a r 000 0 spa d
020 _a9789875675841
020 _a9875675849
035 _a(Sirsi) i9789875675841
040 _aPE-LiUPU
_bspa
_cPE-LiUPU
_erda
049 _aPRUA
082 0 4 _a226.607
_bV43
_220
082 0 4 _a226.607
_bV.443 2009
_221
082 0 4 _a226.607
_bV42 2009
_221
082 0 4 _a286.73205
_bCBH
_221
100 1 _aVeloso, Mario,
_eautor.
245 1 0 _aHechos :
_bcontando la historia de la iglesia apostólica /
_cMario Veloso.
264 1 _aFlorida Oeste, Buenos Aires, AR :
_bACES,
_c2009.
300 _a239 páginas ;
_c 21 centímetros
336 _atext
_2rdacontent
337 _aunmediated
_2rdamedia
338 _avolume
_2rdacarrier
490 0 _aComentario Bíblico Homilético ;
_v5
505 0 _aIntroducción de Lucas -- Jerusalén: Predicción y organización, persecuciones -- Judea y Samaria -- Predicación al mundo entero -- Primer viaje misionero de Pablo -- Concilio de Jerusalén -- Segundo viaje misionero de Pablo -- Tercer viaje de Pablo -- Pablo en Jerusalén -- Pablo en Roma.
526 _aSEG42
526 _aSEG41
526 _aSEG40
526 _aSEG39
526 _aP94
526 _aP87
526 _aP86
526 _aP85
526 _aP77
526 _aP76
526 _aP35
630 _aBiblia.
_pN.T.
_pHechos
_xComentarios.
650 0 4 _aHomilética
_xEnseñanza bíblica.
910 _tqv
_d20171026
942 _2ddc
_cBOOK
949 _a226.607 V.443 2009
_wDEWEY
_c1
_i66946
_lCIA
_mBWL
_r1
_sY
_tBOOK
_u2015-7-6
_xWHITE
_zUNKNOWN
_o.STAFF. Colección Teología
949 _a226.607 V42 2009
_wDEWEY
_c1
_iFJ09081
_lCCODEBUJ1
_mBUJ
_p19.00
_r0
_sY
_tBOOK
_u2017-10-26
_xBIBLIOTECA
_zUNKOWN
_0COMPRA
_o.STAFF. Colección General Juliaca
949 _a226.607 V42 2009
_wDEWEY
_c2
_iFJ09082
_lCCODEBUJ1
_mBUJ
_p19.00
_r0
_sY
_tBOOK
_u2017-10-26
_xBIBLIOTECA
_zUNKOWN
_0COMPRA
_o.STAFF. Colección General Juliaca
994 _aC0
_bPEPRU
596 _a1 3 4
999 _a226.607 V.443 2009
_wDEWEY
_c11874
_i74409
_d11874
_e2018-5-22
_f2021-11-9
_g5
_lCCODEBUL1
_mBUL
_n11
_p19.00
_q3
_r0
_sY
_tBOOK
_u2016-8-12
_xTEOLOGIA
_PP35
_0COMPRA
_o.STAFF. Colección Teología
999 _a226.607 V.443 2009
_wDEWEY
_c2
_i74695
_d2019-4-22
_e2019-4-12
_f2021-11-9
_g5
_lCCODEBUL1
_mBUL
_n5
_p12.00
_q1
_r0
_sY
_tBOOK
_u2016-9-26
_xTEOLOGIA
_PP35
_0COMPRA
_o.STAFF. Colección Teología
999 _a226.607 V42 2009
_wDEWEY
_c1
_iFJ09081
_f2022-2-3
_g4
_lCCODEBUJ1
_mBUJ
_p19.00
_r0
_sY
_tBOOK
_u2017-10-26
_xBIBLIOTECA
_zUNKNOWN
_0COMPRA
_o.STAFF. Colección General Juliaca
999 _a226.607 V42 2009
_wDEWEY
_c2
_iFJ09082
_f2022-2-3
_g4
_lCCODEBUJ1
_mBUJ
_p19.00
_r0
_sY
_tBOOK
_u2017-10-26
_xBIBLIOTECA
_zUNKNOWN
_0COMPRA
_o.STAFF. Colección General Juliaca
999 _a286.73205 CBH 5
_wDEWEY
_c1
_iCW66946
_f2021-12-22
_g2
_lCCODECWL1
_mBWL
_p10.00
_r1
_sY
_tBOOK
_u2018-5-21
_xWHITE
_o.STAFF. Centro White
980 _81
_gALBERTO SANCHEZ Responsable de Automatización